000 00374nam a2200121 4500
999 _c10538
_d10538
008 180905b ||||| |||| 00| 0 eng d
100 _930904
_aArado, Jennie P.
245 _aEng'g study for broadband program in R11 done/
_cJennie P. Arado
260 _aDavao City
_bSun Star Davao
_cc2017
300 _apage 5.
650 0 _930905
_aInformation technology.
942 _2ddc
_cPER